| 000 | 00338nam a22001337a 4500 | ||
|---|---|---|---|
| 008 | 171003b xxu||||| |||| 00| 0 eng d | ||
| 020 | _a0930599071 | ||
| 041 | _aeng | ||
| 080 | _a159.9 | ||
| 100 | _a48 | ||
| 101 | _aPSI | ||
| 245 |
_aCOMMUNICATION ASSESSMENT AND INTERVENTION STRATEGIES FOR ADOLESCENTS _cLARSON,V.L |
||
| 942 |
_2udc _cBK |
||
| 999 |
_c31511 _d31511 |
||